000 00352nam a2200133Ia 4500
008 100328s9999 xx 000 0 und d
082 _b71450
100 _aमेंगजी अशोक.
245 _aयश अपयश
260 _bलिलादत्त.
630 _aयश अपयश
730 _aयश अपयश
942 _cBOOK
999 _c557174
_d557171